|
|
|
|
| LEADER |
00000nam0a2200000 4500 |
| 001 |
250718 |
| 005 |
20231101232605.0 |
| 020 |
|
|
|a RU
|b 89-15329
|
| 035 |
|
|
|a (RuTPU)RU\TPU\book\272940
|
| 090 |
|
|
|a 250718
|
| 100 |
|
|
|a 20140217d1988 m y0rusy5003 ca
|
| 101 |
0 |
|
|a rus
|
| 102 |
|
|
|a RU
|
| 105 |
|
|
|a a j 001zy
|
| 200 |
1 |
|
|a Автоматизация исследований точности геодезических построений с использованием математического моделирования
|e Учеб. пособие по основам науч. исслед. и прикл. геодезии для студентов 4-5-х курсов спец. 1301
|f Новосибирский институт инженеров геодезии, аэрофотосъемки и картографии (НИИГАиК)
|
| 210 |
|
|
|a Новосибирск
|c НИИГАИК
|d 1988
|
| 215 |
|
|
|a 85 с.
|c ил.
|
| 320 |
|
|
|a Библиогр.: с. 78-79 (23 назв.).
|
| 606 |
1 |
|
|a Геодезические сети
|x Построение
|2 stltpush
|3 (RuTPU)RU\TPU\subj\5998
|9 33970
|
| 610 |
1 |
|
|a точность
|
| 610 |
1 |
|
|a оценка
|
| 610 |
1 |
|
|a математическое моделирование
|
| 610 |
1 |
|
|a автоматизация
|
| 610 |
1 |
|
|a учебные пособия
|
| 675 |
|
|
|a 528.3(075.8)
|z rus
|
| 712 |
0 |
2 |
|a Новосибирский институт инженеров геодезии, аэрофотосъемки и картографии (НИИГАиК)
|c (1939-1994)
|2 stltpush
|3 (RuTPU)RU\TPU\col\8121
|
| 801 |
|
0 |
|a RU
|b RuMRKP
|c 19950417
|g psbo
|
| 801 |
|
1 |
|a RU
|b 63413507
|c 20140217
|
| 801 |
|
2 |
|a RU
|b 63413507
|c 20140226
|g RCR
|
| 942 |
|
|
|c BK
|